00642nam a2200217 a 4500001001300000003000900013005001700022008004100039020001100080082001300091100001600104245005300120260004400173300001000217500003500227650002300262902000800285942000700293952010700300999001700407nice12345678IN_TiNIC20260116015337.0100205s1964 lona grp 000 0 eng  ac100000a423bFOW aFowler, H W aThe Concise Oxford Dictionary of Current English aLondon bOxford University Press c1964 a1555p aincludes index and biblioraphy aDictionary-English bSRS cBK 001040708REFaHMIbHMIcREFd2010-02-05g1000.00l0o423 FOWp11002109r2010-02-05w2026-01-16yBK c19313d19313